000 00601cam a22002171 4500
001 sa 65002921
003 DLC
005 20260227112120.0
008 890317s1964 io 000 0 dut
010 _asa 65002921
035 _a(OCoLC)23412556
040 _aDLC
_cMiU
_dDLC
042 _apremarc
043 _aa-io---
050 0 0 _aHX402
_b.A64
100 1 _aAidit, D. N.,
_d1923-1965.
245 1 0 _aDengan semangat banteng merah mengkonsolidasi organisasi komunis jang besar.
260 _aDjakarta,
_bJajasan Pembaruan,
_c1964.
300 _a64 p.
_c21 cm.
650 0 _aCommunism
_zIndonesia.
999 _c62893
_d62893